[Event "FRA-chT U20"]
[Site "France"]
[Date "2012.05.26"]
[Round "8"]
[White "Bouzidi, Elyas"]
[Black "Quan, Leya"]
[Result "0-1"]
[WhiteElo "1320"]
[BlackElo "1280"]
[PlyCount "82"]
[EventDate "2012.05.26"]
[EventType "team-swiss"]
[EventRounds "9"]
[EventCountry "FRA"]
[SourceTitle "EXT 2014"]
[Source "ChessBase"]
[SourceDate "2013.11.20"]
[SourceVersion "1"]
[SourceVersionDate "2013.11.20"]
[SourceQuality "1"]

1. e4 c5 2. Nf3 Nc6 3. d4 cxd4 4. Nxd4 g6 5. c4 d6 6. Nc3 Bg7 7. Be3 Nf6 8. Be2 0-0 9. 0-0 Bd7 10. f3 Re8 11. Qd2 b6 12. Bh6 Qc8 13. g4 Rd8 14. Bxg7 Kxg7 15. Rac1 Ne8 16. Rfd1 Nc7 17. Nd5 Re8 18. b4 Ne6 19. Qe3 Nexd4 20. Rxd4 Nxd4 21. Qxd4+ e5 22. Qc3 a5 23. a3 Ra6 24. c5 b5 25. bxa5 Rc6 26. Bxb5 Rxc5 27. Bxd7 Rxc3 28. Rxc3 Qxd7 29. g5 Qa7+ 30. Kg2 Qxa5 31. Rd3 Rb8 32. Nb4 Qc5 33. Kg3 Qg1+ 34. Kh4 Qxh2+ 35. Kg4 Rb5 36. Rxd6 Rc5 37. Rd1 Rc3 38. Ra1 Qf4+ 39. Kh3 Rxf3+ 40. Kg2 Qg4+ 41. Kh1 Rh3# 0-1

[Event "FRA-chT U20 1112"]
[Site "France"]
[Date "2011.12.19"]
[Round "7.7"]
[White "Hadji, Rasla"]
[Black "Bouzidi, Elyas"]
[Result "1-0"]
[WhiteElo "1360"]
[BlackElo "1290"]
[PlyCount "113"]
[EventDate "2011.12.03"]
[EventType "team-swiss"]
[EventRounds "7"]
[EventCountry "FRA"]
[SourceTitle "EXT 2013"]
[Source "ChessBase"]
[SourceDate "2012.11.22"]
[SourceVersion "1"]
[SourceVersionDate "2012.11.22"]
[SourceQuality "1"]

1. e4 e5 2. Nf3 Nc6 3. c3 Bc5 4. d4 exd4 5. cxd4 Bb6 6. Nc3 d6 7. Bc4 Bg4 8. 0-0 Nxd4 9. Be2 Nxe2+ 10. Qxe2 Qe7 11. Qd3 0-0-0 12. Bf4 Nf6 13. Bg5 h6 14. Nd5 Qxe4 15. Qxe4 Nxe4 16. Bxd8 Rxd8 17. Rac1 Bxf3 18. gxf3 Nd2 19. Rfd1 Nxf3+ 20. Kg2 Nh4+ 21. Kh1 Bxf2 22. Rxc7+ Kb8 23. Rdc1 Nf5 24. Rf1 Ne3 25. Rxf2 Nxd5 26. Rcxf7 g5 27. Rg7 Rc8 28. Rff7 Nc7 29. b4 b6 30. b5 d5 31. Kg2 Nxb5 32. Rb7+ Ka8 33. a4 Nc7 34. Rbxc7 Rxc7 35. Rxc7 a6 36. Kf3 b5 37. axb5 axb5 38. Ke3 b4 39. Kd3 d4 40. Kxd4 b3 41. Kc3 h5 42. Kxb3 g4 43. Rg7 Kb8 44. Kc4 Kc8 45. Rh7 h4 46. Kd5 g3 47. hxg3 hxg3 48. Rg7 g2 49. Kc6 g1Q 50. Rxg1 Kd8 51. Rg7 Ke8 52. Kd6 Kf8 53. Ra7 Kg8 54. Ke6 Kf8 55. Rb7 Kg8 56. Kf6 Kh8 57. Kg6 1-0

[Event "FRA-chT U20 1112"]
[Site "France"]
[Date "2011.12.18"]
[Round "5"]
[White "Bouzidi, Elyas"]
[Black "Bassini, Emile"]
[Result "0-1"]
[WhiteElo "1290"]
[BlackElo "1350"]
[PlyCount "60"]
[EventDate "2011.12.03"]
[EventType "team-swiss"]
[EventRounds "7"]
[EventCountry "FRA"]
[SourceTitle "EXT 2013"]
[Source "ChessBase"]
[SourceDate "2012.11.22"]
[SourceVersion "1"]
[SourceVersionDate "2012.11.22"]
[SourceQuality "1"]

1. e4 e6 2. d4 d5 3. exd5 exd5 4. Nc3 Bb4 5. a3 Bxc3+ 6. bxc3 Be6 7. Nf3 Nf6 8. Bg5 h6 9. Bh4 0-0 10. Bd3 Re8 11. 0-0 Nbd7 12. Rb1 b6 13. Bb5 c5 14. dxc5 bxc5 15. Ne5 Nxe5 16. Bxe8 Qxe8 17. Re1 Nfd7 18. Bg3 Nc4 19. Rb3 Ndb6 20. f4 Qc6 21. Re2 Bg4 22. h3 Bxe2 23. Qxe2 Re8 24. Qd3 Re3 25. Qf5 Rxg3 26. Rb1 Ne3 27. Qd3 Rxg2+ 28. Kh1 d4 29. cxd4 Rg5+ 30. Kh2 Qg2# 0-1

[Event "FRA-chT U20 1112"]
[Site "France"]
[Date "2011.12.18"]
[Round "6.8"]
[White "Bouzidi, Elyas"]
[Black "Legros, Aymeric"]
[Result "0-1"]
[WhiteElo "1290"]
[BlackElo "1510"]
[PlyCount "96"]
[EventDate "2011.12.03"]
[EventType "team-swiss"]
[EventRounds "7"]
[EventCountry "FRA"]
[SourceTitle "EXT 2013"]
[Source "ChessBase"]
[SourceDate "2012.11.22"]
[SourceVersion "1"]
[SourceVersionDate "2012.11.22"]
[SourceQuality "1"]

1. e4 c5 2. Nf3 Nc6 3. d4 cxd4 4. Nxd4 Nf6 5. Nc3 d6 6. Bb5 Bd7 7. 0-0 e6 8. Re1 Qb6 9. Nxc6 Bxc6 10. Bxc6+ Qxc6 11. Bg5 0-0-0 12. Qf3 Be7 13. Rad1 Rhe8 14. b4 Ng8 15. Bxe7 Nxe7 16. Rd3 f5 17. exf5 Qxf3 18. Rxf3 Nxf5 19. Nb5 a6 20. Nc3 Nd4 21. Rh3 Nxc2 22. Rc1 Nxb4 23. Rxh7 Rd7 24. Nd5+ Nc6 25. Nb4 Rc7 26. Nxc6 bxc6 27. Rh4 Kd7 28. Ra4 Ra8 29. h4 c5 30. g4 Rc6 31. Kg2 d5 32. Kf3 e5 33. Ke3 Kd6 34. f4 Rf8 35. Rd1 d4+ 36. Ke4 Rxf4+ 37. Kd3 Rxg4 38. h5 Kd5 39. a3 c4+ 40. Kc2 d3+ 41. Kd2 Kd4 42. Rb4 Rg2+ 43. Kc1 Rc2+ 44. Kb1 Rh6 45. a4 Rxh5 46. Rb6 Rhh2 47. Rxa6 Rb2+ 48. Kc1 Rhc2# 0-1

[Event "FRA-chT U20 1112"]
[Site "France"]
[Date "2011.12.17"]
[Round "4.7"]
[White "Bouzidi, Elyas"]
[Black "Grimaldi, Antonin"]
[Result "0-1"]
[WhiteElo "1290"]
[BlackElo "1470"]
[PlyCount "40"]
[EventDate "2011.12.03"]
[EventType "team-swiss"]
[EventRounds "7"]
[EventCountry "FRA"]
[SourceTitle "EXT 2013"]
[Source "ChessBase"]
[SourceDate "2012.11.22"]
[SourceVersion "1"]
[SourceVersionDate "2012.11.22"]
[SourceQuality "1"]

1. e4 e5 2. Nf3 Nc6 3. Bc4 Bc5 4. d3 d6 5. c3 Bg4 6. 0-0 Nf6 7. h3 Bh5 8. Nbd2 Qe7 9. Re1 0-0-0 10. Nf1 d5 11. exd5 Nxd5 12. Qc2 Bxf3 13. gxf3 a6 14. a4 Nb6 15. Ba2 f5 16. f4 Qd6 17. b4 Qg6+ 18. Ng3 Bd6 19. fxe5 Bxe5 20. f4 Bf6 0-1